| 000 | 00460nam a2200157 4500 | ||
|---|---|---|---|
| 999 |
_c1235 _d1235 |
||
| 008 | 200115b ||||| |||| 00| 0 eng d | ||
| 082 | 0 | 0 |
_a623.81 _bS8749 |
| 100 |
_9693 _aStokoe, E. A. |
||
| 245 | 1 | 0 |
_aReed's naval architecture for marine engineers _cby E. A. Stokoe |
| 250 | _a4th ed. | ||
| 260 |
_aLondon _bThomas Reed Pub _c1991 |
||
| 300 | _a392 p. | ||
| 490 | 0 |
_aReed's Marine Engineering Series _vVol. 4 |
|
| 650 | 0 | _aNaval Architecture | |
| 942 |
_2ddc _cBK |
||